Rihanna - Une lettre, une chanson - Statistiques

Statistiques générales
  • Ce quiz a été pris 408 fois
  • Le résultat moyen est 10 sur 22
Statistiques - réponses
Lettres Chansons % Correct
D Dem Haters / Desperado / Diamonds / Disturbia / Don't Stop the Music / Do Ya Thang / Drunk on Love
85%
S S&M / Same Ol' Mistakes / Say It / Selfish Girl / Sell Me Candy / Sex With Me / Shut Up and Drive / Skin / Sledgehammer / SOS / Stick up / Stay / Stupid In love
82%
W Wait Your Turn / Watch n' Learn / We Found Love / We All Want Love / We Ride / What Now / What's My Name? / Where Have You Been / Who's that chick / Willing to Wait / Woo / Work
81%
U Umbrella / Unfaithful
79%
L The Last Song / The Last Time / Lemme Get That / Let Me / Lift Me Up / Lost in Paradise / Loveeeeeee Song / Love on the Brain / Love the Way You Lie (Part II) / Love Without Tragedy
68%
R Raining Men / Redemption Son / Red Lipstick / Rehab / Right Now / Rockstar 101 / Roc Me Out / Rude Boy / Rush / Russian Roulette
66%
B Birthday Cake / Bitch Better Have My Money / Breakin' Dishes / Break It Off
59%
P Photographs / Phresh Out The Runway / Pon de Replay / Pose / Pour It Up / P.S (I'm Still Not Over You) / Push Up On Me
55%
O Only Girl (In the World)
54%
L Mad House / Man Down / A Million Miles Away / Mother Mary / Music of the Sun
52%
T Take a Bow / Talk That Talk / Te Amo / That La, La, La / There's a Thug in My Life / This Is What You Came For
51%
C California King Bed / Cheers (Drink to That) / Close To You / Cockiness (Love It) / Cold Case Love / Complicated / Consideration / Crazy Little Thing Called Love / Cry
48%
N Needed Me / Never Ending / Nobody's Business / No Love Allowed / Now I Know / Numb
45%
Y Yeah, I Said It / You da One / You Don't Love Me (No, No, No)
34%
K Kisses Don't Lie / Kiss It Better
33%
H Half of Me / Hard / Hate That I Love You / Haunted / Here I Go Again / Higher
30%
F Fading / Farewell / Final Goodbye / Fire Bomb / Fool in Love / FourFiveSeconds / Friend Of Mine
29%
G G4L / Get It Over With / A Girl Like Me / Good Girl Gone Bad / Goodnight Gotham
28%
J James Joint / Jump
23%
I If I Never See Your Face Again / If It's Lovin' that You Want
18%
A American Oxygen
16%
Q Question Existing
11%
Aucun quiz correspondant
Distribution des résultats
% des personnes avec chaque résultat
Percentile par nombre de réponses
Votre historique - résultats
Vous n’avez pas pris ce quiz